00555nam a22001937a 4500001001000000003000500010005001700015008004100032010001000073011001000083035001000093040000900103082001200112100003100124245007900155260007800234300002100312650002800333000064528CHAP20220329141134.0971010s1980 es r 00010 spa d a63215 a64187 a69437 cCHAP04a546bC600aContreras Cicero, Ernesto.10aQuímica inorgánica /por UACH. Departamento de Preparatoria Agrícola. aChapingo, Méx. :bUACH. Departamento de Preparatoria Agrícola,c1980. a127 p. :b: ils.14aQuímica inorgánica.